00473nam a22001577a 45000050016000000100013000160200026000290350013000550370026000680820006000941000025001002450072001252600035001972700061002323000022002932012082307117.0 aB-461399 a9780143102090c199.00 aB-461399 adplbVirtuous Pub/Ven aS aTagore, Rabindranath aHe (Shey)/cby Rabindranath Tagore; translated by Aparna Chaudhuri  aNew DelhibPenguin Booksc2007 a11, Community Centre, Panchsheel ParkbNew Delhie110017 a154p.c19cm (pbk)